Welcome to CU Library Online Public Access Catalogue (OPAC)

Review of gross anatomy / (Record no. 2247)

MARC details
000 -LEADER
fixed length control field 00687cam a2200229 i 4500
001 - CONTROL NUMBER
control field 1261725
005 - DATE AND TIME OF LATEST TRANSACTION
control field 20241215110747.0
008 - FIXED-LENGTH DATA ELEMENTS--GENERAL INFORMATION
fixed length control field 741003s1975 nyua 001 0 eng
020 ## - INTERNATIONAL STANDARD BOOK NUMBER
International Standard Book Number 0023906405
050 00 - LIBRARY OF CONGRESS CALL NUMBER
Classification number QM31
Item number .P28 1975
082 00 - DEWEY DECIMAL CLASSIFICATION NUMBER
Classification number 611
100 1# - MAIN ENTRY--PERSONAL NAME
Personal name Pansky, Ben.
245 10 - TITLE STATEMENT
Title Review of gross anatomy /
Statement of responsibility, etc. Ben Pansky, Earl Lawrence House ; ill. by Ben Pansky.
250 ## - EDITION STATEMENT
Edition statement 3d ed.
260 ## - PUBLICATION, DISTRIBUTION, ETC.
Place of publication, distribution, etc. New York :
Name of publisher, distributor, etc. Macmillan,
Date of publication, distribution, etc. [1975]
300 ## - PHYSICAL DESCRIPTION
Extent xiii, 508 p. :
Other physical details ill. ;
Dimensions 26 cm.
500 ## - GENERAL NOTE
General note Includes index.
650 #0 - SUBJECT ADDED ENTRY--TOPICAL TERM
Topical term or geographic name entry element Human anatomy
Form subdivision Outlines, syllabi, etc.
650 #2 - SUBJECT ADDED ENTRY--TOPICAL TERM
Topical term or geographic name entry element Anatomy
Form subdivision Atlases.
700 1# - ADDED ENTRY--PERSONAL NAME
Personal name House, Earl Lawrence,
Relator term joint author.
942 ## - ADDED ENTRY ELEMENTS (KOHA)
Source of classification or shelving scheme Library of Congress Classification
Koha item type Books
Edition 3rd ed.
Suppress in OPAC No
999 ## -
-- 2247
-- 2247
Holdings
Withdrawn status Lost status Source of classification or shelving scheme Damaged status Not for loan Collection Home library Current library Shelving location Date acquired Total checkouts Full call number Barcode Date last seen Copy number Price effective from Koha item type
    Library of Congress Classification     Non-fiction Science Library (Miotso) Science Library (Miotso) General stacks 12/15/2024   QM31 .P28 PAN SLM00001503 12/15/2024 1 12/15/2024 Books
© 2023-2024 Copyright: Central University Libraries. All Rights Reserved | Created by: Mahone Tech Office